01246 a2200229 4500003000500000005001700005010001600022020001500038040000900053082001300062100002600075245007400101250001500175260003100190300003400221490006200255505057900317538003000896650002500926650003400951700003100985Nust20170207154058.0 a 78008555 a0132136031 cNust00a621.38221 aRabiner, Lawrence R.,10aDigital signal processingcSanjit K. Mitraba computer based approach a2nd ed. / aBostonbMcGraw hill c2001 axvi, 866 p. :bill. ;c25 cm.0 aMcGraw hill series in electrical and computer engineering aSignals and Signal Processing (Page-1), Discrete-Time Signals and Systems in the Time-Domain (Page-41), Discrete-Time Signals in the Transform-Domain (Page-117), LTI Discrete-Time Systems in the Transform-Domain (Page-203), Digital Processing of Continuous-Time Signals (Page-299), Digital Filter Structures (Page-359), Digital Filter Design (Page-423), DSP Algorithm Implementation (Page-515), Analysis of Finite Wordlength Effects (Page-583), Multirate Digital Signal Processing (Page-359), Applications of Digital Signal Processing (Page-753). bibliography 837,index 855 a Almirah No 26 Shelf No 3 0aDigital electronics. 0aTelecommunication engineering1 aSchafer, Ronald W.,d1938-